000 01466nam a2200337 i 4500
003 EG-GICUC
005 20260507184843.0
008 260507s2014 ua ||||fr|||| 00| 0 ara d
017 _a1972/6072
040 _a EG-GICUC
_bara
_c EG-GICUC
_d EG-GICUC
_erda
041 0 _aara
082 0 4 _221
_a345.32
_bس ل . م
092 0 4 _221
099 _aLaw1 07 345.32 س ل . م 2014
100 0 _aسليمان محمد الطماوى
_eمؤلف.
245 1 0 _aمبادئ القانون الإداري.
_nالكتاب الثاني،
_p نظرية المرفق العام وعمال الادارة العامة :
_bدراسة مقارنة /
_cالدكتور سليمان محمد الطماوى ؛ عبد الناصر عبدالله أبو سمهدانة ؛ حسين ابراهيم خليل.
250 _aطبعة مزيدة ومنقحة
264 1 _aالقاهرة :
_bدار الفكر العربي،
_c2014.
300 _a575 ؛ صفحة
_c24 سم.
_bإيضاحيات، صور، مثيليات ؛
336 _2rda content
_atext
337 _2rda media
_aComputer
338 _2rda carrier
_aOnline Resource
504 _a. 240-220 ببليوجرافيا: صفحات.
546 _aالنص باللغة العربية
650 1 4 _aالمرافق العامة
_2qrmak
650 1 4 _aالقانون الإداري
_2qrmak
651 1 _2qrmak
856 4 0 _uhttps://fll.law.cu.edu.eg/fulltext/bks/B07-00405.pdf
905 _a77
942 _2ddc
_cBK
_e21
_n0
999 _c76212
_d76212